Social Security's finances : hearing before the Subcommittee on Social Security of the Committee on Ways and Means, U.S. House of Representatives, One Hundred Twelfth Congress, first session, June 23, 2011.

Bibliographic Details
Corporate Author: United States. Congress. House. Committee on Ways and Means. Subcommittee on Social Security
Format: Government Document eBook
Language:English
Published: Washington : U.S. G.P.O., 2012.
Subjects:
Online Access:https://purl.fdlp.gov/GPO/gpo21579

MARC

Tag First Indicator Second Indicator Subfields
LEADER 00000cam a2200000 a 4500
001 in00002752621
005 20211120164729.0
006 m d f
007 cr bn|||||||||
008 120418s2012 dcua ob f000 0 eng c
035 |a (OCoLC)ocn786036450 
040 |a GPO  |c GPO  |d GPO  |d MvI  |d UtOrBLW 
042 |a pcc 
043 |a n-us--- 
049 |a WWW 
050 1 4 |a KF27  |b .W347 2011e 
074 |a 1028-C (online) 
086 0 |a Y 4.W 36:112-SS 6/2 
088 |a Serial no. 112-SS6 (United States. Congress. House. Committee on Ways and Means) 
110 1 |a United States.  |b Congress.  |b House.  |b Committee on Ways and Means.  |b Subcommittee on Social Security. 
245 1 0 |a Social Security's finances :  |b hearing before the Subcommittee on Social Security of the Committee on Ways and Means, U.S. House of Representatives, One Hundred Twelfth Congress, first session, June 23, 2011. 
264 1 |a Washington :  |b U.S. G.P.O.,  |c 2012. 
300 |a 1 online resource (iii, 134 pages) :  |b illustrations 
336 |a text  |b txt  |2 rdacontent 
337 |a computer  |b c  |2 rdamedia 
338 |a online resource  |b cr  |2 rdacarrier 
500 |a Title from title screen (viewed on Apr. 18, 2012). 
504 |a Includes bibliographical references. 
500 |a "Serial number 112-SS6." 
500 |a Electronic resource. 
610 1 0 |a United States.  |b Social Security Administration  |v Rules and practice. 
650 0 |a Social security  |z United States  |x Finance. 
650 0 |a Social security  |z United States  |x Forecasting. 
776 0 8 |i Print version:  |a United States. Congress. House. Committee on Ways and Means. Subcommittee on Social Security.  |t Social Security's finances  |w (OCoLC)786036749 
776 0 8 |i Microfiche:  |a United States. Congress. House. Committee on Ways and Means. Subcommittee on Social Security.  |t Social Security's finances  |w (OCoLC)795714695 
856 4 0 |u https://purl.fdlp.gov/GPO/gpo21579  |t 0 
999 |a MARS 
999 f f |s 746f91c5-2c60-3c79-9380-21830e55cce5  |i 875027df-ace8-3e62-be2a-d363b5090327  |t 0 
952 f f |a Texas A&M University  |b College Station  |c Electronic Resources  |d Available Online  |t 0  |e Y 4.W 36:112-SS 6/2  |h Superintendent of Documents classification 
998 f f |a Y 4.W 36:112-SS 6/2  |t 0  |l Available Online